Literary terms : (Record no. 2238)
[ view plain ]
| 000 -LEADER | |
|---|---|
| fixed length control field | 00596nam a22002297a 4500 |
| 003 - CONTROL NUMBER IDENTIFIER | |
| control field | OSt |
| 005 - DATE AND TIME OF LATEST TRANSACTION | |
| control field | 20151028171754.0 |
| 008 - FIXED-LENGTH DATA ELEMENTS--GENERAL INFORMATION | |
| fixed length control field | 130308t xxu||||| |||| 00| 0 eng d |
| 020 ## - INTERNATIONAL STANDARD BOOK NUMBER | |
| International Standard Book Number | 9781875136216 |
| 050 ## - LIBRARY OF CONGRESS CALL NUMBER | |
| Classification number | PN 44.5 |
| Item number | .M57 2007 |
| 082 ## - DEWEY DECIMAL CLASSIFICATION NUMBER | |
| Classification number | IB 801.95014 |
| Item number | M77 2007 |
| 100 ## - MAIN ENTRY--PERSONAL NAME | |
| Personal name | Moon, Brian |
| 245 ## - TITLE STATEMENT | |
| Title | Literary terms : |
| Remainder of title | a practical glossary / |
| Statement of responsibility, etc | Moon, Brian |
| 250 ## - EDITION STATEMENT | |
| Edition statement | Revised and exoanded edition |
| 260 ## - PUBLICATION, DISTRIBUTION, ETC. (IMPRINT) | |
| Place of publication, distribution, etc | Australia |
| Name of publisher, distributor, etc | CHALKFACE |
| Date of publication, distribution, etc | 2007 |
| 300 ## - PHYSICAL DESCRIPTION | |
| Extent | 176 p. |
| Dimensions | 24 cm |
| Other physical details | ill.; |
| 526 ## - STUDY PROGRAM INFORMATION NOTE | |
| Reading level | 1210L 1700L |
| 562 ## - COPY AND VERSION IDENTIFICATION NOTE | |
| Number of copies | 2 |
| 942 ## - ADDED ENTRY ELEMENTS (KOHA) | |
| Source of classification or shelving scheme | Library of Congress Classification |
| Koha item type | Books |
| Withdrawn status | Lost status | Source of classification or shelving scheme | Damaged status | Home library | Current library | Shelving location | Date acquired | Total Checkouts | Full call number | Barcode | Date last seen | Date checked out | Copy number | Price effective from | Koha item type | Source of acquisition | Total Renewals |
|---|---|---|---|---|---|---|---|---|---|---|---|---|---|---|---|---|---|
| Library of Congress Classification | Luxembourg Library | Luxembourg Library | International Baccalaureate Section | 03/08/2013 | 1 | PN 44.5 .M57 2007 | 16044 | 05/05/2015 | 04/16/2015 | 1 | 03/08/2013 | Books | |||||
| Library of Congress Classification | Luxembourg Library | Luxembourg Library | International Baccalaureate Section | 06/24/2013 | 3 | PN 44.5 .M57 2007 | 16045 | 06/21/2019 | 05/30/2015 | 2 | 06/24/2013 | Books | Donation | 12 |